01109 2200445 4500001002100000005001500021035002000036008004100056245010800097100002000205700002400225700001800249260002600267300003100293020001800324084001600342082001000358650001800368250001000386500003900396990001200435990001200447990001200459990001200471990001200483990001200495990001200507990001200519990001200531990001200543990001200555990001200567990001200579990001200591990001200603990001200615990001200627990001200639990001200651INLIS00000000001628320230531115446 a0010-0523000043230531 e 1 ind 1 aNight Patrol Teacher Vol.8 /cSeiki Tsuchida; alih bahasa, Ayu Arsandhi Patty; penyunting, Mustika Arum aTSUCHIDA, Seiki aAYU, Arsandhi Patty0 aMUSTIKA, Arum aJakarta :bM&C,c2019 a181 hal. :bilus. ;c17 cm a9786024806316 a741.5 TSU n a741.5 4aKOMIK. BACAAN acet.1 aJudul asli : Yomawari Sensei Vol.8 a11084 a a11084 b a11084 c a11084 d a11084 e a11084 f a11084 g a11084 h a11084 i a11084 j a11084 k a11084 l a11084 m a11084 n a11084 o a11084 p a11084 q a11084 r a11084 s